| 000 | 00454nam a2200169 a 4500 | ||
|---|---|---|---|
| 001 | 1998 | ||
| 005 | 20140414131923.0 | ||
| 008 | 050211s19uu xx 00 eng d | ||
| 020 | _a7235-2839-8 | ||
| 050 |
_aER _bT41 |
||
| 245 |
_aThree little kittens / _cillustrated by Masha. |
||
| 260 |
_aWiscosin, U.S. A : _bWorld Distributors, _c[n.d.] |
||
| 300 | _a1 v. p. ; cm. | ||
| 650 |
_aKittens _xFiction. |
||
| 650 | _aChildren stories. | ||
| 999 |
_c111850 _d111850 |
||